| 000 | 02089agaaa2200325 4500 | ||
|---|---|---|---|
| 001 | 6449 | ||
| 003 | IT-RoPAU | ||
| 005 | 20220918181231.0 | ||
| 007 | d cvaizq | ||
| 008 | 50131s9999||||xx ||| | || ||und|| | ||
| 040 |
_aIT-RoPAU _cIT-RoPAU |
||
| 041 | _aITALIANO | ||
| 100 |
_aHarrison John Kent _gCodice regista SPICS: 58541 _940858 |
||
| 130 |
_aGIOVANNI PAOLO II _940859 |
||
| 245 |
_aGIOVANNI PAOLO II _cProdotto da: Bernabei L. E M. -- Sceneggiatura: Contaldo Francesco Harrison John Kent -- Diretto da: Harrison John Kent _pGIOVANNI PAOLO II (Rif. Codice opera principale : H6449) |
||
| 250 | _aEdizione Standard | ||
| 260 |
_a(ITA - USA - POL.) _bRAI FICTION - LUX VIDE - GRUPA FILMOWA / Distribuzione: MULTIMEDIA SAN PAOLO _g"2005 (1° ed.: 2006 ; Ed. Lingua Orig.: 2005)" |
||
| 300 |
_aDVD _bsonoro, col. _c200 minuti |
||
| 508 | _a"Fotografia: Lucci Fabrizio; Montaggio: Lucidi A. Van Eeghen; Musica: Frisina Marco; Sceneggiatura: Contaldo Francesco Harrison John Kent; Scenografia: Basile Pier Luigi; Soggetto: Arlanch Francesco -- Basile Salvatore" | ||
| 511 | _a"Voight Jon; Elwes Cary; Cromwell James; Lee Christopher; Gazzara Ben; Pecci Daniele" | ||
| 520 | _a"FIL TV SULLA VITA DI GIOVANNI PAOLO II. STUDENTE MODELLO, ATTORE DI TALENTO, SPORTIVO APPASSIONATO, INTELLETTUALE SOVVERSIVO, OPERAIO, DRAMMATURGO, POETA, SCRITTORE, FILOSOFO... KAROL WOJTYLA AVREBBE POTUTO FARE QUALSIASI COSA NELLA VITA, MA DIO LHA SCELTO PER ESSERE IL SUO SERVO INUTILE. DIVENTO' PAPA GIOVANNI PAOLO II. CONTENUTI EXTRA: BACKSTAGE; FILMOGRAFIE ESSENZIALI.FILM TRASMESSO TA RAIUNO NEL DICEMBRE 2005." | ||
| 538 | _aPAL, STEREO | ||
| 546 | _aITALIANO | ||
| 650 |
_aDRAMMATICO - BIOG _eDVD-FILM [DVD] _xCodice MATERIA SPICS: 9947 _940860 |
||
| 700 |
_aArlanch Francesco _e(soggetto) _gCodice Soggetto SPICS: 58279 _940861 |
||
| 700 |
_aBasile Salvatore _e(soggetto) _gCodice Soggetto 2° SPICS: 58542 _940862 |
||
| 700 |
_aFrisina Marco _e(musica) _gCodice Musica SPICS: 38406 _940863 |
||
| 700 |
_aHarrison John Kent _e(regista) _gCodice regista SPICS: 58541 _940864 |
||
| 942 |
_cDV _2ddc |
||
| 999 |
_c105342 _d105342 |
||